Most Populous Italian Cities as a Percent of Their Region - Statistics

General Stats
  • This quiz has been taken 125 times
  • The average score is 10 of 15
Answer Stats
% Region City % Correct
48.1 Lazio Rome
100%
13.6 Lombardy Milan
99%
16.3 Campania Naples
94%
13.1 Sicily Palermo
94%
20.1 Piedmont Turin
91%
37.3 Liguria Genoa
90%
16.6 Friuli-Venezia Giulia Trieste
69%
10.9 Trentino-Alto Adige Trento
60%
27.0 Valle D'Aosta Aosta
59%
19.1 Umbria Perugia
57%
16.5 Molise Campobasso
45%
12.0 Basilicata Potenza
39%
12.5 Umbria Terni
28%
11.2 Basilicata Matera
24%
11.1 Molise Termoli
8%
No matching quizzes found
Score Distribution
Percent of People with Each Score
Percentile by Number Answered
Your Score History
You have not taken this quiz